000 00769nam a2200217Ii 4500
003 JO-AjNU
008 230605s9999||||xx |||||||||||||| ||und||
017 _a1977/2085
020 _a977-256-141-7
040 _aJO-AjNU
_bara
_erda
_cJO-AjNU
041 _aara
050 1 4 _aHB180.7.S2 1977
100 3 _aتأليف: السعيد، مصطفى كامل /م.مشارك: حسن حسني,
_eauthor
_918308
245 0 0 _aمبادىء علم الاقتصاد
264 3 1 _aالقاهرة: دار النهضة العربية، 1977
300 _a299ص
_bيحنوي على قراءات مختارة وببلوغرافية
336 _atext
_btxt
_2rdacontent
337 _aunmediated
_bn
_2rdamedia
338 _avolume
_bnc
_2rdacarrier
650 4 _aالاقتصاد
_918309
999 _aA5831
_c9399
_d9399